[Event "Australian op"]
[Site "Suncoast"]
[Date "1999.01.03"]
[Round "2"]
[White "Leskiewicz, Maksymilian"]
[Black "Edwards, Jacob"]
[Result "1-0"]
[WhiteElo "2210"]
[BlackElo "2093"]
[PlyCount "111"]
[EventDate "1999.01.??"]
[EventType "swiss"]
[EventRounds "11"]
[EventCountry "AUS"]
[SourceTitle "CBM 068 Extra"]
[Source "ChessBase"]
[SourceDate "1999.03.01"]
[SourceVersion "1"]
[SourceVersionDate "1999.03.01"]
[SourceQuality "1"]

1. d4 d5 2. Bf4 Nf6 3. e3 e6 4. Bd3 Bd6 5. Qf3 Nc6 6. Bxd6 cxd6 7. c3 e5 8. Bf5 Qb6 9. Bxc8 Rxc8 10. b3 0-0 11. Ne2 Qa6 12. Nd2 Rfe8 13. Nf1 Qa5 14. Nfg3 exd4 15. b4 Nxb4 16. cxb4 Qxb4+ 17. Kf1 Qb2 18. Rd1 Ne4 19. Kg1 d3 20. Nf4 d2 21. Nxd5 Nc3 22. Nxc3 Rxc3 23. h3 Rc2 24. Qd5 b6 25. Qb3 Qxa2 26. Qxa2 Rxa2 27. Nf1 Rc8 28. Rxd2 Rxd2 29. Nxd2 f5 30. g3 Rc1+ 31. Kg2 Rxh1 32. Kxh1 Kf7 33. Kg2 a5 34. Kf3 Ke6 35. Ke2 Kd5 36. Kd3 Kc5 37. Kc3 Kb5 38. Kb3 d5 39. Nf3 a4+ 40. Kc3 Ka5 41. Nd4 g6 42. h4 b5 43. Nc2 a3 44. Kb3 b4 45. Nxb4 Kb5 46. Nxd5 a2 47. Nc3+ Kc5 48. Nxa2 Kd5 49. Nc3+ Ke5 50. Kc4 h6 51. f4+ Kf6 52. Kd4 g5 53. hxg5+ hxg5 54. Nd5+ Kg6 55. Ke5 gxf4 56. gxf4 1-0

[Event "Wisla Hugart op"]
[Site "Warsaw"]
[Date "1999.??.??"]
[Round "?"]
[White "Dziuba, Marcin"]
[Black "Leskiewicz, Maksymilian"]
[Result "1/2-1/2"]
[WhiteElo "2310"]
[BlackElo "2223"]
[PlyCount "95"]
[EventDate "1999.??.??"]
[EventType "swiss"]
[EventRounds "9"]
[EventCountry "POL"]
[SourceTitle "EXT 2003"]
[Source "ChessBase"]
[SourceDate "2002.11.25"]
[SourceVersion "1"]
[SourceVersionDate "2002.11.25"]
[SourceQuality "1"]

1. d4 d5 2. c4 c6 3. Nc3 dxc4 4. e4 b5 5. a4 b4 6. Nb1 Nf6 7. e5 Nd5 8. Bxc4 a5 9. Nf3 e6 10. Bg5 Qb6 11. 0-0 h6 12. Be3 Be7 13. Nbd2 Ba6 14. Rc1 0-0 15. Qe2 Nd7 16. Nb3 Rfc8 17. Rfd1 Bxc4 18. Rxc4 Qa6 19. Qc2 N7b6 20. Rxc6 Rxc6 21. Qxc6 Rc8 22. Qb5 Qxb5 23. axb5 a4 24. Nc5 Nxe3 25. fxe3 Bxc5 26. dxc5 Rxc5 27. Rd8+ Kh7 28. Rd6 a3 29. bxa3 bxa3 30. Rxb6 a2 31. Ra6 Rc1+ 32. Kf2 a1Q 33. Rxa1 Rxa1 34. Ke2 Rb1 35. Nd4 f6 36. exf6 gxf6 37. Kd2 e5 38. Kc2 Rg1 39. Nc6 Rxg2+ 40. Kc3 Rg7 41. Kc4 Kg6 42. e4 f5 43. b6 f4 44. Nxe5+ Kf6 45. Nf3 Ke6 46. Kc5 Kd7 47. Kd5 Rg2 48. Ke5 1/2-1/2

[Event "Wisla Hugart op"]
[Site "Warsaw"]
[Date "1999.??.??"]
[Round "?"]
[White "Helis, Tadeusz"]
[Black "Leskiewicz, Maksymilian"]
[Result "0-1"]
[WhiteElo "2275"]
[BlackElo "2220"]
[PlyCount "104"]
[EventDate "1999.??.??"]
[EventType "swiss"]
[EventRounds "9"]
[EventCountry "POL"]
[SourceTitle "EXT 2003"]
[Source "ChessBase"]
[SourceDate "2002.11.25"]
[SourceVersion "1"]
[SourceVersionDate "2002.11.25"]
[SourceQuality "1"]

1. d4 d5 2. Nf3 c6 3. Bf4 Qb6 4. Qc1 Nf6 5. e3 Bf5 6. Nbd2 h6 7. h3 e6 8. c3 c5 9. Ne5 Nfd7 10. Bd3 Bxd3 11. Nxd3 Nc6 12. 0-0 Be7 13. dxc5 Nxc5 14. Nxc5 Bxc5 15. e4 Ne7 16. exd5 Nxd5 17. Bg3 0-0 18. Qc2 a5 19. Rad1 a4 20. a3 Rfc8 21. Ne4 Be7 22. Be5 f5 23. Ng3 Ne3 24. fxe3 Qxe3+ 25. Qf2 Qxe5 26. Rfe1 Qc7 27. Kh1 Bh4 28. Rxe6 Bxg3 29. Qxf5 Rd8 30. Rg1 Ra5 31. Qe4 Re5 32. Rxe5 Qxe5 33. Qxa4 Qe3 34. Rf1 Qe2 35. Qb3+ Kh8 36. Rg1 b5 37. c4 Bf2 38. Rc1 bxc4 39. Qf3 Qxf3 40. gxf3 Rd4 41. Kg2 Be3 42. Rc3 Bf4 43. b3 Rd2+ 44. Kf1 cxb3 45. Rxb3 Ra2 46. Rd3 g5 47. Rd8+ Kg7 48. Ra8 Kg6 49. a4 Kh5 50. Ra6 Kh4 51. Rxh6+ Kg3 52. Rb6 Kxf3 0-1

[Event "Wisla Hugart op"]
[Site "Warsaw"]
[Date "1999.??.??"]
[Round "?"]
[White "Leskiewicz, Maksymilian"]
[Black "Mikhaletz, Lubomir"]
[Result "0-1"]
[WhiteElo "2220"]
[BlackElo "2485"]
[PlyCount "42"]
[EventDate "1999.??.??"]
[EventType "swiss"]
[EventRounds "9"]
[EventCountry "POL"]
[SourceTitle "EXT 2003"]
[Source "ChessBase"]
[SourceDate "2002.11.25"]
[SourceVersion "1"]
[SourceVersionDate "2002.11.25"]
[SourceQuality "1"]

1. d4 d6 2. e4 Nf6 3. f3 c5 4. d5 e6 5. c4 g6 6. Nc3 Bg7 7. Bg5 0-0 8. Qd2 exd5 9. cxd5 Re8 10. Nge2 a6 11. Ng3 b5 12. Be2 Nbd7 13. 0-0 Qe7 14. Bh6 Qf8 15. Bxg7 Qxg7 16. Rac1 h5 17. b4 h4 18. Nh1 cxb4 19. Nd1 Nc5 20. Qxb4 Nxd5 21. Qd2 Qe5 0-1

[Event "Wisla Hugart op"]
[Site "Warsaw"]
[Date "1999.??.??"]
[Round "?"]
[White "Leskiewicz, Maksymilian"]
[Black "Ostrowski, Leszek"]
[Result "1/2-1/2"]
[WhiteElo "2220"]
[BlackElo "2400"]
[PlyCount "90"]
[EventDate "1999.??.??"]
[EventType "swiss"]
[EventRounds "9"]
[EventCountry "POL"]
[SourceTitle "EXT 2003"]
[Source "ChessBase"]
[SourceDate "2002.11.25"]
[SourceVersion "1"]
[SourceVersionDate "2002.11.25"]
[SourceQuality "1"]

1. d4 Nf6 2. c4 e6 3. Nc3 Bb4 4. f3 d5 5. a3 Be7 6. e4 dxe4 7. fxe4 e5 8. d5 Bc5 9. Nf3 Bg4 10. h3 Bxf3 11. Qxf3 Nbd7 12. Bd3 0-0 13. Ne2 c6 14. b4 Bd4 15. Nxd4 exd4 16. 0-0 cxd5 17. exd5 b5 18. Bg5 bxc4 19. Bxc4 h6 20. Bxf6 Nxf6 21. Rad1 Qb6 22. Qf2 Ne4 23. Qxd4 Nd6 24. Be2 Rfe8 25. Bf3 Qa6 26. Rc1 Qxa3 27. Rc6 Rad8 28. Ra1 Nb5 29. Rxa3 Nxd4 30. Rc5 Re5 31. Rd3 Nxf3+ 32. gxf3 Rd6 33. Kf2 Kf8 34. Rd4 Ke7 35. f4 Rh5 36. Kg3 Kd7 37. Kg4 g6 38. b5 Rb6 39. Ra4 Kd6 40. Rc6+ Rxc6 41. bxc6 Rxd5 42. Rxa7 f5+ 43. Kh4 Ke6 44. c7 Rc5 45. Ra6+ Kf7 1/2-1/2

[Event "Wisla Hugart op"]
[Site "Warsaw"]
[Date "1999.??.??"]
[Round "?"]
[White "Leskiewicz, Maksymilian"]
[Black "Pinkas, Karol"]
[Result "0-1"]
[WhiteElo "2223"]
[BlackElo "2348"]
[PlyCount "100"]
[EventDate "1999.??.??"]
[EventType "swiss"]
[EventRounds "9"]
[EventCountry "POL"]
[SourceTitle "EXT 2003"]
[Source "ChessBase"]
[SourceDate "2002.11.25"]
[SourceVersion "1"]
[SourceVersionDate "2002.11.25"]
[SourceQuality "1"]

1. d4 d5 2. c4 e6 3. Nf3 Nf6 4. Nc3 c5 5. cxd5 cxd4 6. Qxd4 exd5 7. Ne5 Nc6 8. Nxc6 bxc6 9. e4 Be6 10. Bg5 Be7 11. exd5 0-0 12. Bd3 Re8 13. 0-0 Nxd5 14. Bxe7 Qxe7 15. Rfe1 Nb4 16. Bf5 Rad8 17. Qe4 g6 18. Bxe6 Qxe6 19. Qxe6 Rxe6 20. Rxe6 fxe6 21. a3 Nc2 22. Rc1 Nd4 23. Kf1 Kf7 24. f3 Ke7 25. Ne2 Nxe2 26. Kxe2 Rb8 27. b4 Rb6 28. Kd3 Kd6 29. Ke4 Rb5 30. f4 a5 31. Rc4 axb4 32. axb4 e5 33. g3 exf4 34. gxf4 Rh5 35. Rd4+ Kc7 36. Rd2 Kb6 37. Ra2 Rh3 38. Rd2 Kb5 39. Rc2 Rb3 40. Rc5+ Kb6 41. Rc4 Rb2 42. h4 Rh2 43. Ke5 Rxh4 44. Kd6 Kb5 45. Re4 h5 46. Re5+ Kxb4 47. f5 gxf5 48. Rxf5 c5 49. Rxc5 Rd4+ 50. Rd5 Kc4 0-1

[Event "Wch U20 37th"]
[Site "Calicut"]
[Date "1998.11.27"]
[Round "10"]
[White "Bakre, Tejas"]
[Black "Leskiewicz, Maksymilian"]
[Result "1-0"]
[WhiteElo "2290"]
[BlackElo "2210"]
[PlyCount "97"]
[EventDate "1998.11.17"]
[EventType "swiss"]
[EventRounds "13"]
[EventCountry "IND"]
[SourceTitle "CBM 067 Extra"]
[Source "ChessBase"]
[SourceDate "1999.01.01"]
[SourceVersion "1"]
[SourceVersionDate "1999.01.01"]
[SourceQuality "1"]

1. e4 c5 2. Nf3 d6 3. d4 cxd4 4. Nxd4 Nf6 5. Nc3 a6 6. Be3 e5 7. Nf3 Qc7 8. a4 Be7 9. a5 0-0 10. Be2 Nbd7 11. Nd2 b5 12. axb6 Nxb6 13. Bxb6 Qxb6 14. Nc4 Qc5 15. Qd3 a5 16. Nd5 Nxd5 17. Qxd5 Qxd5 18. exd5 Bf5 19. c3 Rfb8 20. 0-0 a4 21. Ne3 Bd7 22. Ra2 f5 23. Rfa1 Rc8 24. Bd1 f4 25. Nc2 e4 26. Nd4 Rc5 27. Bc2 e3 28. fxe3 fxe3 29. Bxa4 Rxa4 30. Rxa4 Bxa4 31. Rxa4 Rxd5 32. Kf1 Rh5 33. Nf3 Rb5 34. Ra2 g5 35. h3 h5 36. g4 hxg4 37. hxg4 Bf6 38. Ke2 Rc5 39. Ra4 Rb5 40. Rb4 Rxb4 41. cxb4 Bxb2 42. b5 Bf6 43. b6 Bd8 44. b7 Bc7 45. Kxe3 Kf7 46. Ke4 Kf6 47. Kd5 Bb8 48. Nd4 Kf7 49. Nc6 1-0

[Event "Wch U20 37th"]
[Site "Calicut"]
[Date "1998.11.26"]
[Round "9"]
[White "Leskiewicz, Maksymilian"]
[Black "Radovanovic, Dusan"]
[Result "1/2-1/2"]
[WhiteElo "2210"]
[BlackElo "2225"]
[PlyCount "40"]
[EventDate "1998.11.17"]
[EventType "swiss"]
[EventRounds "13"]
[EventCountry "IND"]
[SourceTitle "CBM 067 Extra"]
[Source "ChessBase"]
[SourceDate "1999.01.01"]
[SourceVersion "1"]
[SourceVersionDate "1999.01.01"]
[SourceQuality "1"]

1. d4 Nf6 2. c4 g6 3. Nc3 Bg7 4. e4 d6 5. f3 0-0 6. Bg5 a6 7. Qd2 c5 8. d5 b5 9. cxb5 Nbd7 10. Nh3 axb5 11. Bxb5 Ba6 12. 0-0 Qa5 13. a4 Bxb5 14. Nxb5 Rfb8 15. Qxa5 Rxa5 16. Bd2 Raa8 17. Bc3 Ne8 18. Bxg7 Kxg7 19. Rfc1 Ne5 20. Nf2 Nc4 1/2-1/2

[Event "Wch U20 37th"]
[Site "Calicut"]
[Date "1998.11.25"]
[Round "8"]
[White "Chokshi, Manthan J"]
[Black "Leskiewicz, Maksymilian"]
[Result "0-1"]
[WhiteElo "2220"]
[BlackElo "2210"]
[PlyCount "132"]
[EventDate "1998.11.17"]
[EventType "swiss"]
[EventRounds "13"]
[EventCountry "IND"]
[SourceTitle "CBM 067 Extra"]
[Source "ChessBase"]
[SourceDate "1999.01.01"]
[SourceVersion "1"]
[SourceVersionDate "1999.01.01"]
[SourceQuality "1"]

1. e4 c5 2. Nc3 Nc6 3. g3 g6 4. Bg2 Bg7 5. d3 d6 6. Nge2 Nf6 7. 0-0 0-0 8. h3 Rb8 9. Be3 b5 10. Qd2 b4 11. Nd1 Ne8 12. f4 Nc7 13. f5 c4 14. Bh6 cxd3 15. cxd3 Ba6 16. Bxg7 Kxg7 17. Rf4 Ne5 18. Rh4 h5 19. Nf4 Rh8 20. Rc1 Nb5 21. fxg6 Qb6+ 22. Kh1 fxg6 23. Ne3 Kh7 24. Ne6 Nd4 25. Nd5 Nxe6 26. Nxb6 Rxb6 27. g4 Bxd3 28. gxh5 g5 29. Rc7 Nxc7 30. Qxg5 Rg8 31. Qf5+ Kh6 32. Qf4+ Kh7 33. Qf5+ Kh8 34. h6 Rbb8 35. Rf4 Rbf8 36. Qxf8 Rxf8 37. Rxf8+ Kh7 38. Rc8 Ne6 39. Rb8 a5 40. Ra8 Nf4 41. Rxa5 Nxg2 42. Kxg2 Bxe4+ 43. Kg3 Kxh6 44. Ra4 Nd3 45. a3 bxa3 46. bxa3 Nc5 47. Rb4 Bc2 48. Rc4 Bb3 49. Rg4 e5 50. Rb4 Kh5 51. Kf3 d5 52. Rb5 Ne4 53. Ke3 Bc4 54. Rb4 Nd6 55. Rb8 d4+ 56. Kd2 e4 57. Rd8 e3+ 58. Ke1 Nf5 59. Rc8 Ba6 60. Rc6 Bb7 61. Rb6 Be4 62. Re6 Bf3 63. Re5 Kg5 64. Re8 Kf4 65. a4 d3 66. Rd8 Be4 0-1

[Event "Wch U20 37th"]
[Site "Calicut"]
[Date "1998.11.24"]
[Round "7"]
[White "Leskiewicz, Maksymilian"]
[Black "Ramu, K."]
[Result "0-1"]
[WhiteElo "2210"]
[BlackElo "2125"]
[PlyCount "116"]
[EventDate "1998.11.17"]
[EventType "swiss"]
[EventRounds "13"]
[EventCountry "IND"]
[SourceTitle "CBM 067 Extra"]
[Source "ChessBase"]
[SourceDate "1999.01.01"]
[SourceVersion "1"]
[SourceVersionDate "1999.01.01"]
[SourceQuality "1"]

1. d4 Nf6 2. c4 g6 3. Nc3 Bg7 4. e4 d6 5. f3 0-0 6. Bg5 c5 7. d5 h6 8. Bf4 a6 9. a4 Nh5 10. Be3 e6 11. g4 exd5 12. cxd5 Nf6 13. Qd2 Re8 14. Be2 Qe7 15. h4 Qf8 16. Nh3 h5 17. Nf2 Nbd7 18. Rg1 Rb8 19. g5 Nh7 20. f4 Qe7 21. f5 Bd4 22. Bxd4 cxd4 23. Qxd4 Nc5 24. Ra3 Nf8 25. f6 Qd8 26. Rg3 Qb6 27. Ncd1 Bd7 28. a5 Qd8 29. b4 Na4 30. Ne3 b5 31. Nd3 Qc7 32. Kf2 Rbc8 33. Nf4 Nc3 34. Bd3 Re5 35. Rg1 Be8 36. Kf3 Na4 37. Ne2 Qd7 38. Raa1 Qh3+ 39. Rg3 Qxh4 40. Ng2 Qh2 41. Nef4 Bd7 42. Qg1 Qxg1 43. Rxg1 Nh7 44. Ne3 h4 45. R3g2 h3 46. Rg3 Nb2 47. Bb1 Nc4 48. Nf1 h2 49. Rh1 Nxg5+ 50. Kf2 Nxe4+ 51. Bxe4 Rxe4 52. Nxg6 fxg6 53. Rxg6+ Kf8 54. Rxh2 Ne5 55. Rh8+ Kf7 56. Rg7+ Kxf6 57. Rxc8 Bxc8 58. Rc7 Rc4 0-1

[Event "Wch U20 37th"]
[Site "Calicut"]
[Date "1998.11.22"]
[Round "6"]
[White "Salazar, Juan Fernando"]
[Black "Leskiewicz, Maksymilian"]
[Result "1-0"]
[WhiteElo "2150"]
[BlackElo "2210"]
[PlyCount "81"]
[EventDate "1998.11.17"]
[EventType "swiss"]
[EventRounds "13"]
[EventCountry "IND"]
[SourceTitle "CBM 067 Extra"]
[Source "ChessBase"]
[SourceDate "1999.01.01"]
[SourceVersion "1"]
[SourceVersionDate "1999.01.01"]
[SourceQuality "1"]

1. e4 c5 2. Nf3 d6 3. d4 cxd4 4. Nxd4 Nf6 5. Nc3 a6 6. f4 Qc7 7. Qf3 g6 8. Be3 Bg7 9. Bd3 Nbd7 10. Nb3 Nb6 11. Bd4 e5 12. fxe5 dxe5 13. Bc5 Be6 14. Qf2 Nbd7 15. Bb4 Ng4 16. Qg1 Bh6 17. Nd1 a5 18. Bc3 0-0 19. h3 Ngf6 20. Bd2 Bg7 21. Qf2 Nh5 22. 0-0 a4 23. Nc1 Nb6 24. Bb4 Rfd8 25. Ne2 Nc4 26. Rb1 Nf4 27. Nxf4 exf4 28. Bc3 Ne5 29. Qxf4 Qc5+ 30. Kh1 Nxd3 31. cxd3 Rxd3 32. Bxg7 Kxg7 33. Nc3 Rd7 34. e5 Bf5 35. Rbe1 Ra6 36. Ne4 Bxe4 37. Rxe4 a3 38. bxa3 Qxa3 39. e6 fxe6 40. Qf6+ Kg8 41. Rc4 1-0